|
|
|
|
| LEADER |
00000nab a2200000 a 4500 |
| 001 |
vtls010084515 |
| 003 |
SK-MaSNL |
| 005 |
20260426071212.0 |
| 008 |
140512c2010 xo mr|p||||||||00 ||slo |
| 015 |
|
|
|a SNBRB2010/04
|2 snkbucl
|
| 038 |
|
|
|a SNKBUCL
|
| 040 |
|
|
|a SNKBUCL
|b slo
|e AACR2
|c SNKBUCL
|
| 041 |
0 |
|
|a slo
|
| 044 |
|
|
|a xo
|c SK
|
| 080 |
|
|
|a 172.15
|x (437.6)
|2 2001
|
| 080 |
|
|
|a 323
|x (437.6)
|2 2001
|
| 100 |
1 |
|
|a Križka, Teodor,
|d 1956-
|4 aut
|9 206539
|
| 245 |
1 |
0 |
|a Vlastenci bez vlasti
|c Teodor Križka
|
| 300 |
|
|
|b Fotogr.
|
| 650 |
0 |
7 |
|a vlastenectvo
|2 snkbucl
|9 16817
|
| 650 |
0 |
7 |
|a zákony
|2 snkbucl
|9 1156
|
| 650 |
0 |
7 |
|a politické strany
|2 snkbucl
|9 3589
|
| 650 |
0 |
7 |
|a spoločnosť
|2 snkbucl
|9 1013
|
| 651 |
|
7 |
|a Slovensko
|2 snkbucl
|9 14231
|
| 655 |
|
7 |
|a úvodníky
|2 snkbucl
|9 605326
|
| 773 |
0 |
|
|t Kultúra
|g Roč. XIII, č. 6 (2010), s. 1 a 2
|x 1335-3470
|
| 852 |
|
|
|a SNK
|b KIS3GCP
|
| 856 |
4 |
1 |
|u http://www.kultura-fb.sk/new/old/archive/pdf/kult0610.pdf
|
| 999 |
|
|
|c 2676121
|d 2678051
|